000 00311nam a22001337a 4500
008 170825b xxu||||| |||| 00| 0 eng d
020 _a9780312056667
041 _aeng
080 _25 ED
_a070
100 _a40
101 _aMED
245 _aTHE ELEMENTS SCIENTES THINKING
_cHOOVER.K
942 _2udc
_cBK
999 _c25013
_d25013